All I Want - Olivia Rodrigo (All Lyrics) - Statistics

General Stats
  • This quiz has been taken 28 times
  • The average score is 224 of 247
Answer Stats
Lyrics % Correct
I
100%
me
100%
me?
100%
a
94%
All
94%
all
94%
at
94%
be
94%
but
94%
But
94%
day
94%
end
94%
far
94%
for
94%
good
94%
guy,
94%
guy
94%
high?
94%
in
94%
is
94%
Is
94%
it
94%
last
94%
my
94%
myself
94%
of
94%
on
94%
that
94%
the
94%
to
94%
too
94%
want
94%
when
94%
And
89%
and
89%
ask?
89%
away
89%
boy,
89%
can
89%
'Cause
89%
face
89%
from
89%
have
89%
He
89%
he
89%
he's
89%
if
89%
I'm
89%
lasts
89%
love,
89%
love
89%
lying
89%
meet
89%
much
89%
needs
89%
paper,
89%
past
89%
perfect
89%
say
89%
say?
89%
second
89%
so
89%
something
89%
star
89%
told
89%
was
89%
We
89%
who
89%
with
89%
would
89%
wrong
89%
you
89%
Are
83%
come
83%
dark
83%
didn't
83%
Does
83%
don't
83%
easily
83%
enough
83%
expectations
83%
fight
83%
figure
83%
find
83%
girl
83%
hand
83%
held
83%
okay
83%
out,
83%
pushes
83%
saved?
83%
there's
83%
think
83%
this
83%
thought
83%
what
83%
won't
83%
young
83%
best,
78%
best
78%
door,
78%
fell
78%
halfway
78%
happy
78%
kinda
78%
miss
78%
naive
78%
shouldn't
78%
song's
78%
still
78%
Try
78%
after,
72%
days
72%
ever
72%
found
72%
more
72%
Now
72%
one
72%
through,
72%
No matching quizzes found
Score Distribution
Percent of People with Each Score
Percentile by Number Answered
Your Score History
You have not taken this quiz